000 00556nam a2200205Ia 4500
005 20250508161805.0
008 008 250505s9999 xx 000 0 eng d
037 _aTextual
040 _aFEDL
_beng
_cFEDL
041 _aeng
_2eng
084 _a599.9, KEP
_qFEDL
100 _aKepps Gerald E Co.
_9771555
245 0 _aMan
260 _aLondon, UK
_bWard, Lock and Co Ltd.
_c1957
300 _a64p.
490 _aModern marvels series
700 _a Blaney Peter Co.
_9771556
942 _cTEXL
_h599.9, KEP
999 _c1372224
_d1372224